| Tag |
First Indicator |
Second Indicator |
Subfields |
| LEADER |
00000nam a2200000Ia 4500 |
| 001 |
in00004309421 |
| 005 |
20200810091438.0 |
| 006 |
m g d |
| 007 |
cr bn |||a|bb| |
| 008 |
930309q16601675enka o 00| | eng d |
| 035 |
|
|
|a (OCoLC)27696745
|
| 040 |
|
|
|a EAG
|c EAG
|d WaOLN
|
| 037 |
|
|
|a CL0037000064
|b ProQuest Information and Learning. 300 N. Zeeb Rd., Ann Arbor, MI 48106
|
| 043 |
|
|
|a e-uk-en
|
| 045 |
|
|
|a u-u-
|
| 090 |
|
|
|a PR3291.A1
|b M68 1660
|
| 049 |
|
|
|a EAGA
|
| 245 |
0 |
4 |
|a The Mournful maidens complaint for the loss of her maiden-head, or, A Warning for other maidens to take warning by :
|b the tune is, Old ale has undone me.
|
| 260 |
|
|
|a [London] :
|b Printed for J. Hose ...,
|c [between 1660 and 1675]
|
| 300 |
|
|
|a 1 online resource (1 sheet ([1] pages) :
|b illustrations.
|
| 336 |
|
|
|a text
|b txt
|2 rdacontent
|
| 337 |
|
|
|a computer
|b c
|2 rdamedia
|
| 338 |
|
|
|a online resource
|b cr
|2 rdacarrier
|
| 500 |
|
|
|a Place and date of publication suggested by Wing.
|
| 500 |
|
|
|a "With allowance."
|
| 500 |
|
|
|a Reproduction of original in Bodleian Library.
|
| 510 |
4 |
|
|a Wing (2nd edition)
|c M2988A
|
| 533 |
|
|
|a Electronic reproduction.
|b Ann Arbor, Mich. :
|c UMI,
|d 1999-
|f (Early English books online)
|n Digital version of: (Early English books, 1641-1700 ; 1730:9)
|7 s1999 miun s
|
| 650 |
|
0 |
|a Ballads, English
|y 17th century.
|
| 655 |
|
7 |
|a Broadsides
|z London (England)
|y 17th century.
|2 rbgenr
|
| 740 |
0 |
|
|a Warning for other maidens to take warning by.
|
| 740 |
0 |
|
|a Old ale has undone me.
|
| 830 |
|
0 |
|a Early English books online.
|
| 856 |
4 |
0 |
|u http://proxy.library.tamu.edu/login?url=https://search.proquest.com/docview/2240870116
|z Connect to the full text of this electronic book
|t 0
|
| 999 |
f |
f |
|s 0be6e059-a22d-3a13-8276-b059dafdb142
|i 7ca54380-af81-35cb-a727-ef241855dcb3
|t 0
|
| 952 |
f |
f |
|a Texas A&M University
|b College Station
|c Electronic Resources
|d Available Online
|t 0
|e PR3291.A1 M68 1660
|h Library of Congress classification
|
| 998 |
f |
f |
|a PR3291.A1 M68 1660
|t 0
|l Available Online
|